00258pab a2200097 454500008003600000100001900036245004700055362001800102650002100120773001900141180718b xxu||||| |||| 00| 0 eng d aDimonte Darryl aThe expanding city: equity with efficiency a5 Nov 93, p.8 aCities and Towns aTimes of India